000 01869nmm a22003494i 4500
001 35190
003 DO-SdISF
005 20250702135814.0
007 ta
008 240529s2024 dr ||||fo||d| 00| 0 spa d
040 _aDO-CGIP0051
_bspa
_erda
_cDO-CGIP0051
100 1 _aLópez Acosta, Douglas Johnattan
_eautor
_934132
245 1 0 _aAgentes sociales en la práctica de actividad física de los adolescentes escolares en el distrito educativo 07-07, año escolar 2023-2024 /
_csustentada por: Douglas Johnattan López Acosta ; asesor: Luis Miguel Pacheco Ferreira
264 1 _aSantiago de los Caballeros :
_bISFODOSU,
_c2024
300 _a1 recurso en línea (93 páginas) :
_bilustraciones
336 _2rdacontent
_atexto
_btxt
337 _aComputadora
_bc
_2rdamedia
338 _arecurso en línea
_bcr
_2rdacarrier
347 _2rda
_aarchivo de texto
_bPDF
502 _aTesis para optar por el título de Maestría en Educación Física Integral - Instituto Superior de Formación Docente Salomé Ureña - ISFODOSU, Recinto LNNM, 2024.
504 _aReferencias bibliográficas en página 61.
505 2 _aIntroducción -- Marco teórico -- La metodología -- Resultados -- Discusión de los resultados -- Conclusiones -- Recomendaciones -- Anexos.
610 2 4 _aInstituto Superior de Formación Docente Salomé Ureña
_vTesis
_2armarc
_920677
650 1 4 _aEducación física
_2armarc
_xEnseñanza
_93852
650 1 7 _aEducación secundaria
_2armarc
_zRepública Dominicana
_93888
650 1 7 _aEjercicio para jóvenes
_xAspectos sociales
_2armarc
_924502
650 1 4 _aAdolescentes
_9867
650 1 4 _aSalud escolar
_99464
700 1 _aPacheco Ferreira, Luis Miguel
_931269
_easesor
856 _yClic para ver Texto Completo
_uhttps://biblioteca.isfodosu.edu.do/cgi-bin/koha/opac-retrieve-file.pl?id=c24d3891ed810437bd1bf631373ccc5a
942 _2LOC
_cTESIS
999 _c13459
_d13459